[Event "Copenhagen Chess Challenge 2019"]
[Site "Ballerup"]
[Date "2019.05.15"]
[Round "1.13"]
[White "Svend Steenstrup"]
[Black "Aref Vasli"]
[Result "0-1"]
[WhiteElo "1936"]
[BlackElo "2346"]
[Annotator "TA"]
[PlyCount "66"]
[EventDate "2019.05.16"]
[EventCountry "DEN"]
[SourceTitle "playchess.com"]
[Source "ChessBase"]
[SourceQuality "1"]

{[%evp 11,66,10,6,12,25,-60,-29,-20,-45,-66,-68,-77,-66,-73,-81,-142,-115,-191,-108,-166,-151,-194,-133,-147,-103,-85,-77,-83,-46,-66,-21,-21,-2,-12,-18,-14,-14,-48,6,-31,-39,-99,-109,-207,-145,-156,-150,-197,-225,-223,-229,-390,-390,-372,-375,-361,-353]} 1. d4 Nf6 2. c4 e6 3. Nf3 c5 4. g3 cxd4 5. Nxd4 d5 6. Bg2 e5 7. Nb5 {[%cal Rc4d5] E01: Catalan: Early deviations} (7. Nb3 d4 8. O-O Nc6 9. Bg5 Be7 10. e3 Bg4 11. Qd2 O-O 12. exd4 exd4 13. Bxc6 bxc6 14. Qxd4 Qc8 15. Re1 Rd8 16. Qe3 {½-½ (26) Li,C (2732)-Dubov,D (2696) Liaocheng 2018}) 7... d4 8. O-O (8. f4 $1 $11) 8... Nc6 (8... a6 $5 {[%cal Ra6b5]} 9. N5a3 Nc6 $15) 9. e3 {Black should prevent exd4.Black has an edge.} a6 10. N5a3 Bg4 $146 ({Predecessor:} 10... Be7 11. exd4 exd4 12. Bf4 Bg4 13. Qb3 Qd7 14. Re1 O-O {0-1 (90) Bates,R (2386)-Edouard,R (2621) England 2011}) 11. Qa4 Be7 $36 {[%mdl 2048] Black fights for an advantage.} 12. exd4 exd4 13. Nd2 (13. Bxc6+ $142 bxc6 14. Qxc6+ Bd7 15. Qf3) 13... O-O $17 14. Ne4 (14. Nc2 $17) 14... Nd7 ({Black should try} 14... Nxe4 $19 15. Bxe4 Re8) 15. f3 (15. Bf4 $17) 15... Be6 16. Bd2 f5 (16... d3 $19 {aiming for ...Qb6+.} 17. Kh1 Nb6) 17. Nf2 Nc5 18. Qd1 a5 19. Re1 Bf6 20. Bf1 Qd7 21. Nd3 Nxd3 22. Bxd3 Ne5 23. Bf4 Ng6 24. Bd2 b6 (24... f4 $15) 25. c5 Ne5 ({But not} 25... bxc5 $2 26. Rxe6 $1 {[%mdl 512]} Ne5 27. Bxf5 $18) 26. Bb5 ({White should play} 26. Rxe5 $1 $15 Bxe5 27. cxb6) 26... Qd5 {[%mdl 64] Double Attack} 27. Kf2 (27. Kg2 $17 {was necessary.}) 27... bxc5 28. Bf4 {[#] Black must now prevent Bxe5.} d3 $1 29. Bxe5 Bxe5 30. Bxd3 Bxb2 {[%mdl 64] Double Attack} 31. Bc4 $2 (31. Rxe6 Bxa1 32. Qc2) 31... Qd4+ $19 {Black is winning.} 32. Qxd4 Bxd4+ 33. Kg2 Bxc4 {Accuracy: White = 26%, Black = 52%.} 0-1

[Event "Copenhagen Chess Challenge 2019"]
[Site "Ballerup"]
[Date "2019.05.15"]
[Round "1.14"]
[White "Carsten Høi"]
[Black "Thomas Nielsen"]
[Result "1-0"]
[WhiteElo "2341"]
[BlackElo "1933"]
[Annotator "TA"]
[PlyCount "51"]
[EventDate "2019.05.16"]
[EventCountry "DEN"]
[SourceTitle "playchess.com"]
[Source "ChessBase"]
[SourceQuality "1"]

{[%evp 11,50,47,62,49,76,80,64,68,83,81,91,75,73,73,72,15,16,-29,-20,-20,0,0,72,27,66,58,111,119,167,136,290,298,792,806,1004,976,29974,29977,29993,29994,29999]} 1. d4 d5 2. Nf3 Nf6 3. c4 e6 4. Nc3 c5 5. cxd5 exd5 6. Bg5 Nc6 7. e3 {D32: Tarrasch Defence: Sidelines and lines without g3} c4 (7... cxd4 8. Nxd4 Be7 9. Be2 O-O 10. O-O h6 11. Bh4 Nxd4 12. Qxd4 Be6 13. Rac1 a6 14. Bd1 Qa5 {½-½ (41) Wojtaszek,R (2749)-Miton,K (2590) Germany 2019}) 8. Bxf6 gxf6 9. g3 {White is slightly better.} Bb4 10. Bg2 Bg4 11. Qc2 $146 ({Predecessor:} 11. O-O Qd7 12. a3 Ba5 13. b4 Bc7 14. e4 Bxf3 15. Bxf3 dxe4 16. Nxe4 {½-½ (38) Kuenitz,K (2150)-Euler,K Bad Zwesten 1997}) 11... Qd7 12. Nh4 Ne7 13. h3 ({Better is} 13. O-O $16) 13... Be6 $11 14. O-O-O (14. Qd1 {seems wilder.} O-O-O 15. Rc1 Kb8 16. Qf3 Ng6 17. a3) 14... Bxc3 15. Qxc3 a5 16. e4 $36 {[%mdl 2048] White fights for an advantage.} b5 (16... O-O $11 {keeps the balance.}) 17. Qf3 c3 18. Qxf6 cxb2+ (18... O-O $14) 19. Kxb2 $16 Rg8 20. Rhe1 {[#] And now Nf5 would win.} Rc8 $2 (20... Qd6 $16) 21. Nf5 $1 $18 Bxf5 $2 (21... dxe4 22. Bxe4 Nxf5) 22. exf5 Rc7 23. Re5 Qc8 24. Rde1 {White mates.} Rc2+ {[#]} 25. Kb1 $1 {[%csl Ge1,Ge5][%cal Rf6e7]} Qc3 26. Qxe7# {Accuracy: White = 63%, Black = 17%.} 1-0

[Event "Copenhagen Chess Challenge 2019"]
[Site "Ballerup"]
[Date "2019.05.15"]
[Round "1.15"]
[White "Jan Slettebo"]
[Black "Mikkel Manosri Jacobsen"]
[Result "0-1"]
[WhiteElo "1920"]
[BlackElo "2319"]
[Annotator "TA"]
[PlyCount "42"]
[EventDate "2019.05.16"]
[EventCountry "DEN"]
[SourceTitle "playchess.com"]
[Source "ChessBase"]
[SourceQuality "1"]

{[%evp 9,42,39,33,26,32,0,10,-12,-3,-26,-20,-18,-16,-18,-7,-66,-36,-24,-17,-49,-6,-84,-89,-97,-102,-130,-58,-191,-165,-344,-303,-346,-313,-304,-333]} 1. e4 c6 2. Nc3 d5 3. Qf3 Nf6 4. e5 Nfd7 5. d4 e6 6. Qg3 {B11: Caro-Kann: Two Knights Variation} (6. Nh3 Be7 7. Qg3 g6 8. Bg5 h6 9. Bxe7 Qxe7 {½-½ (9) Pilavov,G (2619)-Lastin,A (2617) Elista 2011}) 6... c5 7. Nf3 cxd4 8. Nxd4 {The position is equal.} Nc6 9. Nxc6 bxc6 10. Be2 h5 $146 ({Predecessor:} 10... Qc7 11. f4 g6 12. O-O Rb8 {0-1 (47) Martinez Fernandez,R (2213)-Veganzonez Rojo,D (2110) Madrid 2018}) 11. h4 g6 12. Bd3 (12. b3 $11) 12... Bg7 13. f4 $1 Rb8 14. O-O O-O 15. Bd2 (15. Na4 $11 {keeps the balance.}) 15... Rxb2 $17 16. Na4 Rb7 17. Rae1 Qc7 (17... Qe7 $17 18. Ba6 Rb8) 18. Bc3 ({White should try} 18. c4 $15) 18... c5 $19 {aiming for ...c4.} 19. Bxg6 $2 {[#]} (19. Ba1) 19... fxg6 {Black has a decisive advantage.} 20. Qxg6 d4 {Strongly threatening ...Qc6.} 21. Bd2 Rf7 {Accuracy: White = 23%, Black = 66%.} 0-1

[Event "Copenhagen Chess Challenge 2019"]
[Site "Ballerup"]
[Date "2019.05.16"]
[Round "2.1"]
[White "Vladimir Burmakin"]
[Black "Heimisson, Hilmir Freyr"]
[Result "1-0"]
[WhiteElo "2519"]
[BlackElo "2311"]
[Annotator "TA"]
[PlyCount "67"]
[EventDate "2019.05.16"]
[EventCountry "DEN"]
[SourceTitle "playchess.com"]
[Source "ChessBase"]
[SourceQuality "1"]

{[%evp 14,67,8,11,22,-20,0,0,0,21,0,0,5,8,48,56,43,33,59,60,95,88,215,217,201,180,245,256,359,356,353,365,362,357,364,352,344,342,337,332,345,316,391,391,383,380,375,339,582,564,518,531,495,486,467,433]} 1. Nf3 d5 2. g3 c5 3. Bg2 Nf6 4. O-O e6 5. c4 d4 6. e3 Nc6 7. exd4 cxd4 8. d3 Bd6 {A13: English Opening: 1...e6} 9. Re1 (9. Bg5 h6 10. Bxf6 Qxf6 11. Nbd2 Qe7 12. a3 a5 13. Ne4 Bc7 14. b4 axb4 15. axb4 Rxa1 16. Qxa1 Qxb4 {0-1 (43) Maghsoodloo,P (2673)-Matlakov,M (2692) Sharjah 2019}) 9... O-O 10. Bg5 h6 {The position is equal.} 11. Bxf6 Qxf6 12. Nbd2 Qd8 13. Rc1 {[#]} e5 $146 ({Predecessor:} 13... a5 14. c5 Be7 15. Qa4 Nb4 16. Ne5 {1-0 (39) Kurajica,B (2517)-Del Rio de Angelis,S (2524) Las Palmas 2017}) 14. c5 Bc7 15. Nc4 {[%cal Rf3e5]} Re8 16. Nfd2 Na5 17. Qh5 {[%cal Rc4e5]} Qg5 (17... Re7 $16 {was worth a try.}) 18. Qxg5 $18 hxg5 19. Nd6 $36 {[%mdl 2048] White has strong initiative.} Bxd6 (19... Rd8 $142 20. Rxe5 Nc6 21. Rxg5 Bxd6) 20. cxd6 Bd7 (20... f6 $142 21. Rc7 Rd8) 21. Rc7 Rad8 22. b4 Nc6 23. Rxb7 Bc8 24. Bxc6 Bxb7 25. Bxe8 ({Resist} 25. Bxb7 Rxd6 26. Nc4 Rde6) 25... Rxe8 {[%mdl 4096] Endgame [#] KRB-KRN} 26. f4 $1 {[%mdl 512]} gxf4 (26... exf4 27. Rxe8+) 27. gxf4 f6 28. fxe5 fxe5 29. Nc4 e4 30. dxe4 Ba6 $2 {[#]} (30... Bc6 31. Kf2 Bd7) 31. d7 {White is clearly winning.} Rd8 32. Ne5 Bb5 33. Rd1 d3 34. a4 {Accuracy: White = 90%, Black = 32%.} 1-0

[Event "Copenhagen Chess Challenge 2019"]
[Site "Ballerup"]
[Date "2019.05.16"]
[Round "2.2"]
[White "Casper Yukun Liu"]
[Black "Boris Chatalbashev"]
[Result "0-1"]
[WhiteElo "2228"]
[BlackElo "2514"]
[Annotator "TA"]
[PlyCount "26"]
[EventDate "2019.05.16"]
[EventCountry "DEN"]
[SourceTitle "playchess.com"]
[Source "ChessBase"]
[SourceQuality "1"]

{[%evp 9,26,-21,32,34,66,62,72,-52,-37,-49,-50,-45,-49,-337,-331,-339,-324,-500,-504]} 1. b3 d5 2. Bb2 Bg4 3. Nf3 Bxf3 4. gxf3 Nf6 (4... Nd7 5. c4 c6 6. e3 Ngf6 7. Nc3 e6 8. d4 g6 9. Be2 Bg7 10. Qc2 a6 11. h4 b5 12. a4 bxc4 13. bxc4 {0-1 (57) Radjabov,T (2734)-Wojtaszek,R (2744) Beijing 2014}) 5. Nc3 e5 $146 ({Better is} 5... c5 $11) ({Predecessor:} 5... d4 6. Ne4 Nxe4 7. fxe4 e5 8. e3 Nc6 9. Bb5 Bc5 10. Qh5 Qd6 11. Bxc6+ bxc6 12. Rg1 {0-1 (36) Chan,C (1868)-Kannappan,T (1357) Hong Kong 2018}) 6. d4 $14 {A06: Réti Opening:1 Nf3 d5} exd4 7. Qxd4 Nc6 {[#]} 8. Qe3+ (8. Qh4 $1 $16) 8... Be7 $15 {Threatens to win with ...d4.} 9. O-O-O d4 10. Qg5 Nd7 $36 {[%mdl 2048] White is under pressure.} 11. Qg4 $2 {[%mdl 8192]} ({White must play} 11. Qb5 $1 $15) 11... dxc3 $19 12. Bxc3 {[#]} Ba3+ $1 13. Kb1 (13. Bb2 $142 Bxb2+ 14. Kxb2) 13... Nde5 0-1

[Event "Copenhagen Chess Challenge 2019"]
[Site "Ballerup"]
[Date "2019.05.16"]
[Round "2.3"]
[White "Benjamin Haldorsen"]
[Black "Ramsdal, Jens Albert"]
[Result "1-0"]
[WhiteElo "2437"]
[BlackElo "2245"]
[Annotator "TA"]
[PlyCount "135"]
[EventDate "2019.05.16"]
[EventCountry "DEN"]
[SourceTitle "playchess.com"]
[Source "ChessBase"]
[SourceQuality "1"]

{[%evp 26,135,17,0,14,1,18,-19,0,0,0,0,0,0,0,0,0,0,0,0,0,0,0,0,0,0,9,0,0,-42,-35,-30,0,-37,-30,-44,-18,-98,-106,-95,-49,-54,-40,-23,0,0,0,0,2,0,8,4,27,19,27,9,23,0,54,6,6,6,7,6,7,0,0,0,0,0,8,8,8,8,8,8,8,14,14,14,14,14,17,15,355,359,355,358,351,348,514,512,506,491,838,835,910,720,995,808,835,835,905,566,404,551,29989,29990,29990,29991,29991,29992]} 1. e4 c5 2. Nf3 Nc6 3. d4 cxd4 4. Nxd4 Nf6 5. Nc3 e5 6. Ndb5 d6 7. Bg5 a6 8. Na3 b5 9. Nd5 Be7 10. Bxf6 Bxf6 11. c3 O-O 12. Nc2 Bg5 13. h4 Bh6 14. g3 Kh8 {B33: Sicilian: Pelikan and Sveshnikov Variations} (14... Rb8 15. Bh3 Bxh3 16. Rxh3 a5 17. Nce3 Bxe3 18. Nxe3 Ne7 19. h5 f5 20. exf5 Nxf5 21. Qd5+ Kh8 22. Nxf5 Rxf5 {½-½ (55) Polgar,J (2710)-Topalov,V (2813) Bilbao 2006}) 15. Bg2 Ne7 16. Ncb4 (16. Nde3 {feels hotter.} a5 17. a3 Qc7 18. Rb1 Bb7 19. O-O) 16... Nxd5 $146 {The position is equal.} ({Predecessor:} 16... Bb7 17. a4 a5 18. Nxe7 axb4 19. Nf5 bxc3 20. bxc3 Qa5 21. O-O bxa4 22. Nxh6 gxh6 23. Qxd6 {0-1 (45) Yacob,F (2179)-Coursaget,N (2334) France 2008}) 17. Nxd5 Rb8 18. Qd3 Be6 19. Rd1 Qd7 20. a3 Rfc8 21. O-O Rc5 22. Ne3 Rb6 23. Rfe1 g6 24. h5 Bb3 25. Ra1 Qe7 26. hxg6 hxg6 27. Nd5 Bxd5 $1 28. exd5 Qd7 29. f4 exf4 30. gxf4 Rc4 31. Re4 (31. Bh3 $11 {keeps the balance.} Qa7 32. f5) 31... Rb8 $17 32. Bh3 Qd8 33. Rf1 Rxe4 34. Qxe4 Qe8 (34... Qh4 {keeps more tension.} 35. Kg2 f5 36. Qe3 Rb7 37. Rf3 Re7) 35. Re1 Qxe4 36. Rxe4 $11 {[%mdl 4096] Endgame KRB-KRB} Kg7 37. Kf2 Kf8 38. Kf3 a5 39. Bd7 Bg7 40. Bc6 Bf6 41. Ke3 g5 (41... b4 $11) 42. Kf3 gxf4 43. Kxf4 Be5+ 44. Kf5 Ke7 45. b4 axb4 46. cxb4 Kd8 47. Rh4 Ke7 48. Rh3 Rh8 49. Rb3 (49. Re3 {with more complications.} Rb8 50. Re2 Kd8 51. Rc2 Bd4 52. Ke4) 49... Rb8 50. Ke4 Kd8 51. Rf3 Ke7 52. Kd3 Bb2 53. Kc2 Be5 54. Kb3 Bd4 $2 {[%mdl 8192] [#]} (54... Bh2 $11 {and Black has nothing to worry.}) 55. Bxb5 $1 $18 {[%mdl 512]} Rh8 ({But not} 55... Rxb5 56. Kc4 $18) 56. a4 Rh4 57. a5 f6 (57... Bg1 $142 58. Rf1 Bd4) 58. Bd3 Kd7 59. Rg3 Rh8 (59... Rh1 $142 60. Bf5+ Kc7) 60. Rg7+ Kc8 61. Ka4 Kb8 62. Rd7 Rh4 63. Kb5 Bc3 64. Bc4 Be5 65. a6 {[%cal Ba5a6,Ba6a7][%mdl 32] White threatens a7+ and mate.} Rh8 66. a7+ {White mates.} Ka8 67. Ka6 Bd4 68. Bb5 {Accuracy: White = 57%, Black = 50%.} 1-0

[Event "Copenhagen Chess Challenge 2019"]
[Site "Ballerup"]
[Date "2019.05.16"]
[Round "2.4"]
[White "Stellan Brynell"]
[Black "Jaksland, Tim"]
[Result "1/2-1/2"]
[WhiteElo "2406"]
[BlackElo "2213"]
[Annotator "TA"]
[PlyCount "48"]
[EventDate "2019.05.16"]
[EventCountry "DEN"]
[SourceTitle "playchess.com"]
[Source "ChessBase"]
[SourceQuality "1"]

{[%evp 17,48,40,45,43,40,40,47,45,45,27,48,20,44,47,37,14,27,0,21,21,68,0,81,0,-12,-980,-43,-257,0,-965,0,-145,0]} 1. d4 Nf6 2. c4 c5 3. d5 b5 4. Qc2 bxc4 5. e4 d6 6. Bxc4 g6 7. Nf3 Bg7 8. O-O O-O 9. h3 Nbd7 10. Re1 {A57: Benko/Volga Gambit} Rb8 11. Nc3 Nh5 12. Be2 {White is slightly better.} Ne5 13. Nxe5 Bxe5 14. Bxh5 gxh5 15. Bh6 Re8 {[#]} 16. Rab1 $146 ({Predecessor:} 16. Qd2 Kh8 17. Bf4 Bd4 18. Be3 {0-1 (63) Dreev,A (2644)-Perunovic,M (2622) Berlin 2015}) 16... Kh8 17. Qe2 Rg8 {...Bxh3 is the strong threat.} 18. Qxh5 Rg6 19. Bd2 (19. Ne2 $14) 19... Bd7 (19... Qg8 $11 {keeps the balance.} 20. g4 Qg7) 20. Nd1 ({White should play} 20. f4 $16 Bd4+ 21. Kh1) 20... Qg8 21. Qf3 $2 {[%mdl 8192] [#]} (21. Ne3 $11) 21... Rf6 $2 (21... Rxg2+ $1 $19 {[%mdl 512]} 22. Qxg2 Bxh3) 22. Qa3 $2 {[#]} (22. Qh5 $15) 22... Rg6 $1 {[%mdl 512]} 23. Qf3 $1 $19 {[#]} Rf6 $2 (23... Rxg2+ $1 $19 {[%mdl 512] is more deadly.} 24. Qxg2 Bxh3) 24. Qa3 $17 {[#]} Rg6 {Accuracy: White = 35%, Black = 34%.} (24... Qg6 $1 $17 25. h4 (25. Qxa7 $2 Rg8 $19) 25... Rg8) 1/2-1/2

[Event "Copenhagen Chess Challenge 2019"]
[Site "Ballerup"]
[Date "2019.05.16"]
[Round "2.5"]
[White "French, Max"]
[Black "Thorsten Michael Haub"]
[Result "1-0"]
[WhiteElo "2178"]
[BlackElo "2398"]
[Annotator "TA"]
[PlyCount "93"]
[EventDate "2019.05.16"]
[EventCountry "DEN"]
[SourceTitle "playchess.com"]
[Source "ChessBase"]
[SourceQuality "1"]

{[%evp 24,93,87,59,41,52,52,61,48,47,47,50,54,48,65,61,75,68,106,98,97,95,100,83,87,72,85,69,79,72,81,79,93,44,50,0,0,0,0,0,86,87,70,101,83,92,83,63,299,267,436,435,425,431,529,519,727,738,762,799,784,798,788,737,2043,1985,1903,1879,1469,1738,29976,29977]} 1. d4 g6 2. c4 Bg7 3. Nc3 c5 4. d5 Nf6 5. e4 d6 6. Bd3 e6 7. h3 O-O 8. Nf3 exd5 9. cxd5 a6 10. a4 Re8 11. O-O Nbd7 12. Re1 Nh5 13. Bg5 Bf6 {A70: Modern Benoni: 6 e4 g6 7 Nf3} 14. Be3 Ne5 15. Be2 Nxf3+ {White is slightly better.} 16. Bxf3 Ng7 $1 17. Qd2 Be5 {[#]} 18. Bg5 $146 ({Predecessor:} 18. a5 Bd7 19. Na4 Bxa4 20. Rxa4 b5 21. axb6 Qxb6 {0-1 (98) Potkin,V (2613)-Chirila,I (2485) Budva 2009}) 18... Qa5 19. Bf4 Bd7 20. Bg4 f5 21. exf5 gxf5 22. Bxe5 dxe5 23. Bf3 Qb4 24. a5 Rad8 25. Qc2 e4 26. Be2 Kh8 27. Red1 e3 28. fxe3 Rxe3 29. Bf3 Rxf3 $1 30. gxf3 {Hoping for Kh1.} Nh5 {aiming for ...Rg8+.} 31. Ne2 Rg8+ (31... Qh4 $1 $11 32. Qc3+ (32. Qxc5 Rg8+ 33. Kf1 f4 $17) 32... Nf6) 32. Kh2 $1 $16 {Black must now prevent Qc3+.} Qh4 33. Qc3+ ({Not} 33. Qxc5 $2 f4 $19) 33... Rg7 {[#] ( -> ...Qf2+)} 34. Qe1 $1 {[%cal Re1h4]} Qf6 {[#]} 35. Qf2 $1 ({Much weaker is} 35. Qc3 $6 Qd6+ 36. Kh1 Ng3+ 37. Nxg3 Qxg3 $11) 35... f4 $2 (35... Qxb2 $14 36. Rab1 Qc2) 36. Rg1 $18 Ng3 $2 {[#]} (36... Qxb2 37. Rab1 Qa2 38. Rxg7 Kxg7) 37. Nxf4 $1 {[%mdl 576] Remove Defender} Qxf4 38. Rxg3 h5 {...h4 is the strong threat.} 39. Kg2 $1 Rf7 {If Black can now play ...h4 this consolidates a bit.} 40. h4 Bf5 41. Re1 Kh7 42. Qe3 Qxe3 43. Rxe3 c4 44. d6 Kh6 45. Re7 Rf6 46. Rxb7 Re6 47. Rg5 {Accuracy: White = 77%, Black = 54%.} 1-0

[Event "Copenhagen Chess Challenge 2019"]
[Site "Ballerup"]
[Date "2019.05.16"]
[Round "2.6"]
[White "Tor Fredrik Kaasen"]
[Black "Laustsen, Lars"]
[Result "1-0"]
[WhiteElo "2398"]
[BlackElo "2140"]
[Annotator "TA"]
[PlyCount "69"]
[EventDate "2019.05.16"]
[EventCountry "DEN"]
[SourceTitle "playchess.com"]
[Source "ChessBase"]
[SourceQuality "1"]

{[%evp 13,69,23,26,15,15,15,31,36,35,39,68,33,72,0,0,-20,-10,-30,-36,-32,-22,-64,-65,-61,-29,-52,-28,-44,19,0,12,0,0,0,0,0,0,0,0,-83,-93,-96,7,0,272,0,0,0,0,0,363,348,325,284,513,497,493,485]} 1. c4 c5 2. Nc3 Nc6 3. Nf3 Nd4 4. e3 Nxf3+ 5. Qxf3 g6 6. b3 Bg7 7. Bb2 d6 8. g4 {A35: Symmetrical English: 2 Nc3 Nc6 3 Nf3} Rb8 9. Bg2 Nh6 $146 ({Predecessor:} 9... a6 10. g5 b5 11. Qe2 h6 12. h4 hxg5 13. hxg5 Rxh1+ 14. Bxh1 e6 15. f4 Qa5 {1-0 (25) Izoria,Z (2602)-Palac,M (2574) Warsaw 2005}) 10. g5 {White is slightly better.} Nf5 11. h4 Bd7 12. Qe2 h5 13. d3 (13. gxh6 $1 $16 Rxh6 14. h5) 13... O-O $11 14. O-O-O a6 15. Nd5 b5 16. Bxg7 Nxg7 17. f4 Bg4 18. Bf3 Bxf3 19. Qxf3 Nf5 20. Qf2 Re8 ({Better is} 20... a5 $15) 21. Rhe1 Qa5 {aiming for ...bxc4.} 22. Kb2 Rb7 23. Rc1 Reb8 24. Red1 e6 25. Nf6+ Kg7 26. Ne4 (26. Qe2 $11) 26... bxc4 $17 27. dxc4 {[#]} Rb4 ({Black should play} 27... d5 $1 $17 {[%cal Rd5e4]} 28. Nd2 Rb4) 28. Qc2 $11 {Black must now prevent Qc3+.} Ra4 $2 {[%mdl 8192]} (28... Qc7 $11 {and Black stays safe.}) 29. Qc3+ $2 ({Only move:} 29. Ka1 $18 Ra3 30. Rd3 (30. Qb2+ Nd4 $16)) 29... Qxc3+ 30. Rxc3 d5 $1 {[%cal Rd5e4]} 31. Ka1 {[#]} Ra3 $2 {[%mdl 8192]} (31... Rxc4 $1 $11 {[%mdl 512]} 32. bxc4 dxe4) 32. cxd5 $18 exd5 33. Nxc5 Rd8 $2 (33... Re8 {was necessary.} 34. Rxd5 Ra5 35. Ne6+ {[%mdl 64] Discovered Attack} Rxe6 36. Rxa5 Nxh4) 34. Kb2 Ra5 {and the idea ...Nxe3 leaves Black hopeful.} 35. Nb7 {[%mdl 64] Double Attack. Accuracy: White = 41%, Black = 45%.} 1-0

[Event "Copenhagen Chess Challenge 2019"]
[Site "Ballerup"]
[Date "2019.05.16"]
[Round "2.7"]
[White "Thorsbro, Peter"]
[Black "Can Ertan"]
[Result "0-1"]
[WhiteElo "2116"]
[BlackElo "2391"]
[Annotator "TA"]
[PlyCount "90"]
[EventDate "2019.05.16"]
[EventCountry "DEN"]
[SourceTitle "playchess.com"]
[Source "ChessBase"]
[SourceQuality "1"]

{[%evp 19,90,37,60,7,24,21,22,22,22,28,23,24,19,9,8,4,9,0,4,0,24,0,0,0,0,0,0,0,0,-6,-6,-6,-6,-4,-5,-6,0,0,0,0,0,0,23,17,25,14,12,0,0,0,0,0,0,0,0,0,0,0,0,-75,-75,-75,-75,-88,-88,-173,-173,-1193,-1074,-29991,-29992,-29995,-29996]} 1. d4 Nf6 2. c4 e6 3. Nc3 Bb4 4. Qc2 O-O 5. a3 Bxc3+ 6. Qxc3 b6 7. Bg5 Bb7 8. f3 c5 9. dxc5 bxc5 10. e3 Nc6 11. Bd3 {E32: Nimzo-Indian: Classical (4 Qc2): 4...0-0} (11. O-O-O $14) (11. Nh3 h6 12. Bh4 Ne4 13. Bxd8 Nxc3 14. Bc7 Rfc8 15. Bd6 Na4 16. b3 Nb6 17. O-O-O Na5 18. Kc2 Bc6 19. Be2 {½-½ (42) Michiels,B (2536)-Lai,H (2422) Belgium 2018}) 11... d5 12. Ne2 $146 ({Predecessor:} 12. Bxf6 Qxf6 13. Qxf6 gxf6 14. cxd5 Ne5 15. Be2 Bxd5 16. Nh3 Rab8 17. O-O-O Rb3 18. e4 Bc4 {½-½ (26) Toth,B (2390)-Van Baarle,J Venice 1980}) 12... Ne4 13. Bxd8 {The position is equal.} Nxc3 14. Bc7 Nxe2 15. Bxe2 Rfc8 16. cxd5 Rxc7 17. dxc6 Bxc6 18. O-O-O Kf8 19. Bc4 a6 20. Kc2 Rb8 21. Kc3 Rcb7 22. b3 Ke7 23. Rd3 a5 24. Rb1 g5 25. Rb2 h5 26. e4 g4 27. e5 gxf3 28. gxf3 Rg8 29. Rf2 Rg1 30. Rd6 Bd7 31. a4 Rc1+ 32. Kd2 Ra1 $1 33. Ra6 Bxa4 $1 34. bxa4 {[#] Bb5 is the strong threat.} Rb2+ 35. Ke3 Ra3+ 36. Bd3 Rxd3+ 37. Kxd3 Rxf2 $11 {[%mdl 4096] Endgame KR-KR} 38. Ra7+ Kf8 39. Ke3 (39. Rxa5 $11 {remains equal.} Rxh2 40. Rxc5) 39... Rxh2 $17 40. Rxa5 Rc2 41. Kf4 Rc4+ 42. Kg5 (42. Kg3 $17) 42... h4 $19 {[#] Strongly threatening ...h3.} 43. f4 $2 (43. Rb5) 43... h3 {( -> ...h2)} 44. f5 h2 45. Kf6 h1=Q {Accuracy: White = 52%, Black = 75%.} 0-1

[Event "Copenhagen Chess Challenge 2019"]
[Site "Ballerup"]
[Date "2019.05.16"]
[Round "2.8"]
[White "Jonas Hacker"]
[Black "Moe, Mogens"]
[Result "0-1"]
[WhiteElo "2386"]
[BlackElo "2136"]
[Annotator "TA"]
[PlyCount "98"]
[EventDate "2019.05.16"]
[EventCountry "DEN"]
[SourceTitle "playchess.com"]
[Source "ChessBase"]
[SourceQuality "1"]

{[%evp 17,98,27,37,34,10,12,21,0,14,10,17,14,17,12,29,17,39,0,52,23,55,41,84,83,75,83,87,77,82,47,66,51,63,52,58,64,63,62,58,52,58,0,0,0,0,0,0,0,0,0,0,-25,-17,-39,-16,-11,-10,-21,-21,-22,0,-52,-46,-50,-36,-63,0,-58,0,-439,-447,-429,-414,-2022,-1962,-1783,-554,-29976,-681,-29977,-29978,-29987,-29988]} 1. e4 c5 2. Nf3 e6 3. d4 cxd4 4. Nxd4 Nc6 5. Nb5 d6 6. c4 a6 7. N5c3 Nf6 8. Be2 Be7 9. O-O O-O 10. Bf4 {B44: Sicilian: Taimanov: 5 Nb5} b6 11. Re1 Bb7 12. Bf1 {The position is equal.} Qc7 (12... Rc8 13. Nd2 Nd7 14. Rc1 Nce5 15. Bg3 Bh4 16. Bxh4 Qxh4 17. g3 Qe7 18. f4 Ng6 19. Nf3 Nf6 20. Qd2 Rfd8 {0-1 (65) Jumabayev,R (2594)-Adhiban,B (2671) Hamedan 2018}) 13. Nd2 Rfd8 $146 ({Predecessor:} 13... Ne5 14. Rc1 Rac8 15. a3 Qb8 16. Bg3 Rfd8 17. Qc2 Bc6 {0-1 (35) Cid,M (2385)-Ballicora,M (2245) Mar del Plata 1988}) 14. Rc1 Ne5 15. h3 Rac8 16. Qe2 Ng6 17. Bg3 e5 (17... Qc5 $11) 18. Nb3 Qd7 19. Qe3 Qc6 20. Nd5 Nd7 21. h4 {Black must now prevent h5.} Bf8 22. Be2 Ne7 23. Bg4 {aiming for Bxd7.} (23. a3 {seems wilder.} Re8 24. Bg4 Nxd5 25. cxd5 Qa4 26. Nd2) 23... Nxd5 24. cxd5 Qb5 25. Bxd7 Rxd7 26. Rxc8 Bxc8 27. Rc1 Bb7 28. f3 $1 Be7 29. Rc2 (29. Nd2 $14) 29... Bd8 $11 30. Bf2 Qa4 31. a3 f5 32. Qd3 fxe4 33. fxe4 {Strongly threatening Rc4.} Rf7 34. Bg3 Qd7 35. Rf2 b5 {Hoping for ...Bb6.} 36. Rxf7 Qxf7 37. Qe3 Bc8 38. Be1 Qh5 39. Qf3 (39. Bb4 $11) 39... Bg4 $36 {[%mdl 2048] Black fights for an advantage.} 40. Qg3 Bd7 41. Qf3 Bg4 42. Qg3 Bd7 ({Black should try} 42... h6 $15) 43. Na5 $2 {[%mdl 8192]} (43. Qf3 $11 Bg4) 43... Bb6+ $19 44. Kh2 Qe2 $1 {[%csl LRb2,LRe4][%mdl 64] [#] ...Qf1 is the strong threat. Double Attack} 45. Nc6 (45. Bb4 $142 Qxe4 46. Nc6) 45... Qf1 {[%csl Gb6][%cal Rf1g1]} 46. Ne7+ Kf7 (46... Kh8 $142 {[%csl Gb6][%cal Rf1g1]} 47. Nf5 Qg1+ 48. Kh3 g6 {[%mdl 64] Pin}) 47. Nf5 Qg1+ 48. Kh3 g6 {[%mdl 64] [#] Pin} 49. Qg5 Qh1+ {Accuracy: White = 46%, Black = 59%.} 0-1